000 00216nam a22000857a 4500
008 160630b xxu||||| |||| 00| 0 eng d
100 _91495
_aJain, D
245 _aBadminton Skills & Rules
260 _aD
_b Khel Sahitya
_c2003
999 _c1234
_d1234